Statistics for Name the 14 Countries that border Russia

Click here to take the quiz!

General Stats

  • This quiz has been taken 94 times
  • The average score is 13 of 14

Answer Stats

Answer% Correct
China
98%
Estonia
97%
Mongolia
95%
Ukraine
95%
Lithuania
94%
Belarus
93%
Finland
93%
Georgia
93%
Latvia
93%
Poland
88%
Azerbaijan
86%
Kazakhstan
85%
North Korea
81%
Norway
78%

Score Distribution

Percentile by Number Answered

Percent of People with Each Score

Your Score History

You have not taken this quiz